000 00325nam a2200133 i 4500
001 bg
100 1 _aWENTZELL, A. D.
245 0 _aWykłady z teorii procesów stochastycznych /
_cA.D. Wentzell.
260 _aWarszawa,
_c1980.
040 _cBPK
041 _apol
942 _cKS
008 s pl f |000 0 pol
999 _c19340
_d19340
856 _uhttp://koha.tu.koszalin.pl/cgi-bin/koha/opac-detail.pl?biblionumber=19340
_yKatalog online BPK